| 000 | 01600nam a2200325Ia 4500 | ||
|---|---|---|---|
| 001 | ebr10178152 | ||
| 003 | CaPaEBR | ||
| 006 | m u | ||
| 007 | cr cn||||||||| | ||
| 008 | 070725s2007 dcuab sb 000 0 eng d | ||
| 020 | _z9780309105002 | ||
| 020 | _z0309105005 | ||
| 040 |
_aCaPaEBR _cCaPaEBR |
||
| 035 | _a(OCoLC)236344525 | ||
| 050 | 1 | 4 |
_aHV551.4.L8 _bE58 2007eb |
| 245 | 0 | 0 |
_aEnvironmental public health impacts of disasters _h[electronic resource] : _bHurricane Katrina : workshop summary / _cLynn Goldman and Christine Coussens, rapporteurs ; Roundtable on Environmental Health Sciences, Research, and Medicine ; Board on Population Health and Public Health Practice ; Institute of Medicine of the National Academies. |
| 260 |
_aWashington, D.C. : _bNational Academies Press, _cc2007. |
||
| 300 |
_axii, 88 p. : _bill., maps. |
||
| 504 | _aIncludes bibliographical references. | ||
| 533 |
_aElectronic reproduction. _bPalo Alto, Calif. : _cebrary, _d2009. _nAvailable via World Wide Web. _nAccess may be limited to ebrary affiliated libraries. |
||
| 650 | 0 | _aHurricane Katrina, 2005. | |
| 650 | 0 |
_aEmergency management _zLouisiana. |
|
| 650 | 0 |
_aNatural disasters _xEnvironmental aspects. |
|
| 655 | 7 |
_aElectronic books. _2local |
|
| 700 | 1 | _aGoldman, Lynn. | |
| 700 | 1 | _aCoussens, Christine. | |
| 710 | 2 |
_aInstitute of Medicine (U.S.). _bRoundtable on Environmental Health Sciences, Research, and Medicine. |
|
| 710 | 2 | _aebrary, Inc. | |
| 856 | 4 | 0 |
_uhttp://site.ebrary.com/lib/rucke/Doc?id=10178152 _zAn electronic book accessible through the World Wide Web; click to view |
| 999 |
_c140721 _d140721 |
||